000 00704nam a2200241 i 4500
003 DO-SdBNP
005 20250716094643.0
007 ta
008 250716b2014 dr ||||| |||| 00| 0 spa d
020 _a9789945588057
040 _aDO-SdBNP
_bspa
_cBNPHU
_erda
041 _aspa
082 4 _axxx
_bxxx
_222
245 0 0 _aVoces de arena y sal :
_bantología de escritores banilejos
264 4 _aSanto Domingo :
_bEdiciones Rumbo Sur
_bMinisterio de Cultura
_c2014
300 _a150 páginas ;
_c23 cm.
336 _atexto
_btxt
_2rdacontent
337 _asin mediación
_bn
_2rdamedia
338 _avolumen
_bnc
_2rdacarrier
590 _aInventariado, 2025/BT
910 _aBtavárez
942 _2ddc
_cLBS1
999 _c59554
_d59554